Woman Of The 9th Senate (Record no. 3693)

MARC details
000 -LEADER
fixed length control field 00414nam a22001577a 4500
008 - FIXED-LENGTH DATA ELEMENTS--GENERAL INFORMATION
fixed length control field 250528b |||||||| |||| 00| 0 eng d
020 ## - INTERNATIONAL STANDARD BOOK NUMBER
ISBN 9789787921739
100 ## - MAIN ENTRY--AUTHOR
Author Yesufu Kemi
245 ## - TITLE STATEMENT
Title Woman Of The 9th Senate
260 ## - PUBLICATION, DISTRIBUTION, ETC. (IMPRINT)
Place of publication Abuja
Name of publisher Kemong Media Limited
Date of publication 2023
300 ## - COLLATION
Pagination xii 257p.
Other physical details illustration
650 ## - TRACINGS
Main Subject Woman in Politics
700 ## - ADDITIONAL AUTHOR
Additional Author Oluwasegun Victor
942 ## - ADDED ENTRY ELEMENTS (KOHA)
Item type Books
050 ## - LIBRARY OF CONGRESS CALL NUMBER
Classification number JX234
Item number .Y47 2023
Holdings
Source of classification or shelving scheme Not for loan Permanent location Current location Date acquired Accession No. Full call number Barcode. Koha item type
Library of Congress Classification   Samuel Ogbemudia Main Library, University of Abuja Samuel Ogbemudia Main Library, University of Abuja 05/28/2025 2023/61159 JX234.Y47 2023 2025-2233 Books
Library of Congress Classification   Samuel Ogbemudia Main Library, University of Abuja Samuel Ogbemudia Main Library, University of Abuja 05/28/2025 2023/61160 JX234.Y47 2023 2025-2234 Books
Library of Congress Classification   Samuel Ogbemudia Main Library, University of Abuja Samuel Ogbemudia Main Library, University of Abuja 05/28/2025 2023/61161 JX234.Y47 2023 2025-2235 Books
Library of Congress Classification   Samuel Ogbemudia Main Library, University of Abuja Samuel Ogbemudia Main Library, University of Abuja 05/28/2025 2023/61162 JX234.Y47 2023 2025-2236 Books